000 00831nam a2200229Ii 4500
003 JO-AjNU
008 230605s9999||||xx |||||||||||||| ||und||
017 _a2021/11/6196
020 _a978-9923-779-09-5
040 _aJO-AjNU
_bara
_erda
_cJO-AjNU
041 _aara
050 1 4 _aPJ7571 2022
100 3 _aمعلة، أسماء محمد,
_eauthor
_962905
245 0 0 _aالحجاج في النثر الجاهلي:(دراسة في الاقناع)
250 _aط1
264 3 1 _aعمان: زاد ناشرون وموزعون، 2022
300 _a218ص
336 _atext
_btxt
_2rdacontent
337 _aunmediated
_bn
_2rdamedia
338 _avolume
_bnc
_2rdacarrier
650 4 _aالحجاج-الاسلوب الخطابي-البلاغة-التحليل اللغوي-النثر الفني-اللغة العربية
_962906
999 _aA28507
_c32075
_d32075